000 02359nam0a2200349 4500
001 RU\NLR\ONL1\19941
005 20260406112251.0
035 _a(NLR Aleph) 010205665
090 _a10250450
_c10250450
100 _a20120625d1939 |||y0rusy50 ca
101 0 _akom
102 _aRU
105 _ay |||||||||
135 _acrcn mmmanaba
200 1 _aСССР-са народнöй овмöс развитиелöн коймöд пятилетней план (1938-1942 вояс)
_eВКП(б) XVIII-öд съезд вылын В. Молотов ёрт докладлöн тезисъяс, кодъясöс кызвыннас ошкöма ВКП(б) ЦК Политбюроöн
_eсъезд сёрнитанторлöн мöдöд пункт
210 _aСыктывкар
_cКоми госиздат
_d1939
215 _a62,[1] c.
_d17
300 _aНа тит л. и обл.: ВКП(б) XVIII съезд вылын В. Молотов ёрт да А. Жданов ёрт докладяслöн тезисъяс
325 1 _aКопия доступна в электронной библиотеке РНБ
423 0 _12001#$aВКП(б) уставын вежсöмъяс$eВКП(б) XVIII-öд съезд вылын А. Жданов ёрт докладлöн тезисъяс
_1700#1$aЖданов$bА. А.$gАндрей Андреевич$4070
_1210##$aСыктывкар$d1939
_1215##$aС. 43-63
_tВКП(б) уставын вежсöмъяс
_aЖданов, Андрей Андреевич
512 1 _aВКП(б) XVIII съезд вылын В. Молотов ёрт да А. Жданов ёрт докладяслöн тезисъяс
541 1 _aТретий пятилетний план развития народного хозяйства СССР (1938-1942 гг.)
_zrus
686 1 _aФ61(2)11
700 1 _4570
_8rus
_7ca
_aМолотов
_bВ. М.
_f1890-1986
_gВячеслав Михайлович
_3RU\NLR\auth\77127154
_9110078
801 0 _aRU
_bNLR
_c20120625
_gPSBO
852 _aNLR
_bОНЛ
_jКоми-з./2-62
901 _eКнижные издания
942 _cBOOK
980 _aNB
981 2 3 _a(23) Национальные литературы
_b(23) Книги на национальных языках